000 00624nam a22002177a 4500
003 UA-OsUOA
001 112879
007 ta
008 20150804b un ||||| |||| 00| 0 ukr d
100 _aЯщишина І.В.
090 _a330
_bЯ98
942 _cSA
040 _aUA-OsUOA
_bukr
_cUA-OsUOA
_dUA-OsUOA
245 _aСоціальна ефективність інноваційної політики ЄС
300 _aС.3-13
955 _a0
041 _aukr
080 _a330
773 0 _w112878
_tНаука та наукознавство
_dК.
_d2015
_g1
650 7 _a330 Економіка взагалі
_2UDC
999 _c399297
_d399297